000 01475nam a22003137a 4500
003 DO-SdBNP
005 20210928141401.0
007 ta
008 210412e2016 dr aob|fr ||| 001 edspa d
040 _aDO-SdBNP
_bspa
_cBNPHU
041 _hspa
082 4 _bH694g
_222
100 1 _aHoepelman, Virgilio A.
_978361
245 1 3 _aGuía de arquitectura San Pedro de Macorís :
_bserie 023 /
_cMelisa Vargas, ed.; Yin Lai Trinidad, fotogr.
260 _a[Santo Domingo] :
_bCooperación Española ,
_c2018
300 _a83 p. :
_bil., fotogr., retr., mapas ,
_c25 cm.
500 _aIncluye datos biográficos de los autores.
504 _aIncluye bibliografía: p. 82.
505 0 0 _aApuntes sobre esta edición.-- Ciudad con el mar por dentro.
505 0 0 _aPresencia de los estilos en San Pedro de Macorís.--
_tEdificios de uso comercial.--
_tEdificios de uso mixto.--
_tEdificios de uso residencial.--
_tEdificios de uso institucional.--
505 0 0 _aArquitectura industrial :
_tInfraestructura.--
_tExpansión urbana y tipológicas arquitectónicas.
_tVilla Velásquez.--
_tMira Mar y Parra Alba.--
_tLa Aurora.--
505 0 0 _aConstructores de San Pedro de Macorís.--
505 0 0 _aBibliografía.-- Fuentes de las fotografías.--
590 _aInventariado 2021 / MF
700 1 2 _aVargas, Melisa,
_eed.
_978362
700 1 2 _aTrinidad, Yin Lai,
_efot.
_980062
710 _aAgencia de Cooperacion Intenacional para el Desarrollo (AECID)
_978363
942 _2ddc
_cLBS1
999 _c49718
_d49718